Statistiken für Deutsche Musiker nach Buchstabe - P

Klicken Sie hier um das Quiz zu spielen!

Allgemein

  • Dieses Quiz wurde 86 mal gespielt
  • Das Durchschnittsergebnis liegt bei 5 aus 20

Antwortstatistiken

Aktive JahreSongsAntwort% Korrekt
1987-Alles nur geklaut | Küssen verbotenPrinzen, die
79%
1975-Abenteuerland | Ich denk an dichPur
79%
1976-Wahnsinn | Verlieben, verloren, vergessen, verzeih’nPetry, Wolfgang
70%
2018-Sommergewitter | AirwavesPashanim
49%
1998-2012Allein, Allein | The Colour Of SnowPolarkreis 18
48%
2008-Wie soll ein Mensch das ertragen? | Erkläre mir die LiebePoisel, Philipp
42%
1998-1,40m | Kompass ohne NordenPrinz Pi
34%
2007-Unholy | AlonePetras, Kim
25%
1965-2016Alt wie ein Baum | Es war schönPuhdys
21%
1983-Leev Marie | Schön ist das LebenPaveier
13%
2006-Wenn jetzt Sommer wär | Mädchen und RabaukenPohlmann.
10%
1984-Computerliebe (Die Module spielen verrückt) | Herz an HerzPaso Doble
8%
2005-Casino Royal | HellPA Sports
8%
2003-2006Everyday Girl | Hotter Than You KnowPreluders
6%
1982-1990, 1998-2002, 2004-Dr. Mabuse | p:MachineryPropaganda
5%
1999-Soulstorm | SunshinePatrice
4%
1988-Für die Ewigkeit | Twilight ZonePelham, Moses
4%
2004-Demons Are A Girl's Best Friend | Army Of The NightPowerwolf
4%
1999-2001The Rigga-Ding-Dong-Song | WonderlandPassion Fruit
3%
1979-1986, 2004-2011Zeit, die nie vergeht | O AmorePerl
1%

Verteilung der Resultate

Perzentil nach korrekt beantworteten Fragen

Anzahl Personen mit jedem Resultat

Ihre Resultats-Entwicklung

Sie haben dieses Quiz noch nicht gespielt